[Event "CAN-ch U20"]
[Site "Mississauga CAN"]
[Date "2017.08.13"]
[Round "9.14"]
[White "Liu, Henry"]
[Black "Zheng, Kevin"]
[Result "0-1"]
[WhiteElo "1598"]
[BlackElo "1874"]
[WhiteFideId "-1"]
[WhiteFideId "-1"]
[PlyCount "102"]
[GameId "2160767908347547"]
[EventDate "2017.08.09"]
[EventType "swiss"]
[EventRounds "7"]
[EventCountry "CAN"]
[SourceTitle "hb 2017"]

1. c4 Nf6 2. Nc3 d5 3. cxd5 Nxd5 4. g3 c5 5. Bg2 Nc7 6. d3 e5 7. Be3 Be7 8. Nf3 Nc6 9. Rc1 Be6 10. b3 f6 11. Nd2 Qd7 12. Nce4 b6 13. h4 Rc8 14. Nc4 O-O 15. f3 Nd5 16. Bd2 Rfd8 17. g4 Nd4 18. g5 f5 19. Ng3 Qc7 20. Kf2 b5 21. Nb2 Qb6 22. e3 c4 23. bxc4 Nxe3 24. Bxe3 f4 25. Nf1 fxe3+ 26. Nxe3 Nf5 27. Re1 bxc4 28. Na4 Qd4 29. dxc4 Qxh4+ 30. Kg1 Rxd1 31. Rcxd1 Nxe3 32. Rxe3 Qxg5 33. Rde1 Bh3 34. R3e2 Rxc4 35. Kf1 Qh4 36. Rxe5 Bxg2+ 37. Kxg2 Rc2+ 38. R5e2 Rxe2+ 39. Rxe2 Qxa4 40. Rxe7 Qxa2+ 41. Kf1 Qb1+ 42. Kf2 Qc2+ 43. Kg3 a5 44. Ra7 Qg6+ 45. Kf4 Qb6 46. Ra8+ Kf7 47. Kg4 Qb4+ 48. Kf5 g6+ 49. Ke5 Qc3+ 50. Kf4 Qd4+ 51. Kg3 a4 0-1

[Event "CAN-ch University"]
[Site "London CAN"]
[Date "2017.01.14"]
[Round "1"]
[White "Gibson, Kevin"]
[Black "Mai, Lloyd"]
[Result "1-0"]
[WhiteElo "2189"]
[BlackElo "2353"]
[WhiteFideId "-1"]
[WhiteFideId "-1"]
[PlyCount "91"]
[GameId "2160767908478817"]
[EventDate "2017.01.14"]
[EventType "team"]
[EventRounds "5"]
[EventCountry "CAN"]
[SourceTitle "EXT 2022"]
[Source "ChessBase"]
[SourceDate "2021.10.06"]
[SourceVersion "1"]
[SourceVersionDate "2021.10.06"]
[SourceQuality "1"]

1. d4 g6 2. e4 Bg7 3. Nf3 d6 4. Nc3 a6 5. a4 Nd7 6. Bc4 c5 7. Bxf7+ Kxf7 8. Ng5+ Ke8 9. Ne6 Qa5 10. Bd2 Bh6 11. f4 Nf8 12. Nd5 Qxd2+ 13. Qxd2 Nxe6 14. dxc5 dxc5 15. Rd1 Nf6 16. Nc7+ Nxc7 17. Qd8+ Kf7 18. Qxc7 Bg4 19. O-O Rhc8 20. Qxb7 Bxd1 21. Rxd1 Bxf4 22. Rf1 Be3+ 23. Kh1 Kg8 24. Qb3+ Kg7 25. Qxe3 e5 26. Qg5 Rc6 27. Qxe5 Re8 28. Qc3 Rxe4 29. b3 Rd4 30. Qf3 Re4 31. h3 Rce6 32. Qc3 R4e5 33. Kh2 h5 34. Qc4 g5 35. Rf5 g4 36. Rxe5 Rxe5 37. Qxa6 Ne4 38. hxg4 hxg4 39. Qc8 g3+ 40. Kh3 Kf6 41. Kg4 Nd6 42. Qf8+ Ke6 43. Kxg3 Ne4+ 44. Kf4 Nd6 45. Qg8+ Nf7 46. Qxf7+ 1-0

[Event "CAN-ch University"]
[Site "London CAN"]
[Date "2017.01.14"]
[Round "1"]
[White "Gladstone, Simon"]
[Black "Lin, Tony (Juntao)"]
[Result "1/2-1/2"]
[WhiteElo "2168"]
[BlackElo "2255"]
[WhiteFideId "-1"]
[WhiteFideId "-1"]
[PlyCount "81"]
[GameId "2160767908478818"]
[EventDate "2017.01.14"]
[EventType "team"]
[EventRounds "5"]
[EventCountry "CAN"]

1. e4 e6 2. d4 d5 3. Nd2 Be7 4. Bd3 c5 5. c3 Nc6 6. Ngf3 cxd4 7. cxd4 dxe4 8. Nxe4 Nf6 9. Nxf6+ Bxf6 10. Be3 O-O 11. O-O Nb4 12. Be4 Nd5 13. Qb3 b6 14. Bxd5 exd5 15. Rfc1 Qd6 16. Rc3 Bg4 17. Ne1 Rac8 18. Rac1 Rxc3 19. Rxc3 Rc8 20. Nd3 g5 21. Nb4 Rxc3 22. bxc3 Be6 23. Qa4 a5 24. Qc6 Qxc6 25. Nxc6 Kf8 26. Kf1 Ke8 27. Ke2 Kd7 28. Ne5+ Kd6 29. f4 gxf4 30. Bxf4 Bxe5 31. Bxe5+ Kc6 32. Kf3 Kb5 33. Kf4 Kc4 34. Bc7 a4 35. Bxb6 Kxc3 36. Bc5 Kd3 37. a3 f6 38. g4 Kc4 39. g5 fxg5+ 40. Kxg5 Bf7 41. h4 1/2-1/2

[Event "CAN-ch University"]
[Site "London CAN"]
[Date "2017.01.14"]
[Round "1"]
[White "Knox, Christopher"]
[Black "Leu, Richard"]
[Result "1-0"]
[WhiteElo "2312"]
[BlackElo "2083"]
[WhiteFideId "-1"]
[WhiteFideId "-1"]
[PlyCount "83"]
[GameId "2160767908478819"]
[EventDate "2017.01.14"]
[EventType "team"]
[EventRounds "5"]
[EventCountry "CAN"]
[SourceTitle "EXT 2022"]
[Source "ChessBase"]
[SourceDate "2021.10.06"]
[SourceVersion "1"]
[SourceVersionDate "2021.10.06"]
[SourceQuality "1"]

1. d4 Nf6 2. c4 e6 3. Nc3 Bb4 4. e3 O-O 5. Bd3 b6 6. Nge2 Bb7 7. O-O d6 8. f4 Nbd7 9. e4 Ne8 10. Nb1 d5 11. cxd5 exd5 12. e5 f5 13. a3 Be7 14. g4 fxg4 15. Ng3 Bc8 16. Nc3 Nb8 17. Qc2 h6 18. Nxd5 c6 19. Nxe7+ Qxe7 20. Bc4+ Be6 21. f5 Bxc4 22. Qxc4+ Qf7 23. Qxf7+ Rxf7 24. Rf4 Nc7 25. Rxg4 Kh8 26. Bd2 Nba6 27. Rf1 Re8 28. e6 Nxe6 29. fxe6 Rxf1+ 30. Kxf1 Rxe6 31. Bf4 Kh7 32. Be5 g5 33. h4 Rg6 34. Ne4 Kg8 35. hxg5 hxg5 36. Rxg5 Rxg5 37. Nxg5 Kf8 38. Ke2 Ke7 39. Kd3 Kd7 40. Kc4 Ke7 41. b4 b5+ 42. Kd3 1-0

[Event "CAN-ch University"]
[Site "London CAN"]
[Date "2017.01.14"]
[Round "1"]
[White "Lo, Ryan"]
[Black "Marinkovic, Mate"]
[Result "0-1"]
[WhiteElo "2148"]
[BlackElo "2269"]
[WhiteFideId "-1"]
[WhiteFideId "-1"]
[PlyCount "58"]
[GameId "2160767908478820"]
[EventDate "2017.01.14"]
[EventType "team"]
[EventRounds "5"]
[EventCountry "CAN"]
[SourceTitle "EXT 2022"]
[Source "ChessBase"]
[SourceDate "2021.10.06"]
[SourceVersion "1"]
[SourceVersionDate "2021.10.06"]
[SourceQuality "1"]

1. d4 d5 2. c4 c6 3. Nf3 Nf6 4. e3 e6 5. Nc3 Nbd7 6. Be2 Ne4 7. O-O f5 8. Nd2 Bd6 9. Ncxe4 dxe4 10. f4 exf3 11. Rxf3 c5 12. b3 cxd4 13. exd4 Qh4 14. Nf1 O-O 15. Re3 e5 16. Bb2 e4 17. c5 Bc7 18. Bc4+ Kh8 19. d5 Nxc5 20. Bxg7+ Kxg7 21. Qd4+ Qf6 22. Qd1 Be5 23. Rc1 Bd4 24. Kh1 Bxe3 25. Nxe3 Bd7 26. d6 Rac8 27. Qh5 Qh6 28. Qe2 Nd3 29. Rf1 Qxd6 0-1

[Event "CAN-ch University"]
[Site "London CAN"]
[Date "2017.01.14"]
[Round "1"]
[White "Marin, Sam"]
[Black "Caen, Andy"]
[Result "0-1"]
[WhiteElo "2155"]
[BlackElo "2113"]
[WhiteFideId "-1"]
[WhiteFideId "-1"]
[PlyCount "74"]
[GameId "2160767908478821"]
[EventDate "2017.01.14"]
[EventType "team"]
[EventRounds "5"]
[EventCountry "CAN"]
[SourceTitle "EXT 2022"]
[Source "ChessBase"]
[SourceDate "2021.10.06"]
[SourceVersion "1"]
[SourceVersionDate "2021.10.06"]
[SourceQuality "1"]

1. e4 e6 2. d4 d5 3. e5 c5 4. c3 Nc6 5. Nf3 cxd4 6. cxd4 f6 7. exf6 Nxf6 8. Nc3 a6 9. Bd3 Bd6 10. O-O O-O 11. Bg5 Qb6 12. a3 Kh8 13. Bc2 Qc7 14. Qd3 Bf4 15. Rae1 Nd8 16. g3 Bxg5 17. Nxg5 g6 18. f4 b5 19. b4 Bb7 20. Nxe6 Nxe6 21. Rxe6 Rac8 22. Re3 Ne4 23. Rff3 Qb6 24. Ne2 Rc7 25. Bb3 Rfc8 26. Rf1 a5 27. f5 a4 28. Bd1 Rc3 29. Nxc3 Rxc3 30. Qxc3 Nxc3 31. Re8+ Kg7 32. f6+ Kf7 33. Re7+ Kf8 34. f7 Bc6 35. Bc2 Qxd4+ 36. Kg2 Qd2+ 37. Kh3 d4 0-1

[Event "CAN-ch University"]
[Site "London CAN"]
[Date "2017.01.14"]
[Round "1"]
[White "Qin, Zi Yi (Joey)"]
[Black "Bao, Tony Bohan"]
[Result "1-0"]
[WhiteElo "2481"]
[BlackElo "1962"]
[WhiteFideId "-1"]
[WhiteFideId "-1"]
[PlyCount "44"]
[GameId "2160767908478823"]
[EventDate "2017.01.14"]
[EventType "team"]
[EventRounds "5"]
[EventCountry "CAN"]
[SourceTitle "EXT 2022"]
[Source "ChessBase"]
[SourceDate "2021.10.06"]
[SourceVersion "1"]
[SourceVersionDate "2021.10.06"]
[SourceQuality "1"]

1. e4 e6 2. d4 d5 3. Nd2 dxe4 4. Nxe4 Nd7 5. Nf3 Ngf6 6. Nxf6+ Nxf6 7. Bg5 Be7 8. Bd3 O-O 9. Qe2 c5 10. dxc5 Qa5+ 11. c3 Qxc5 12. O-O-O Ng4 13. Bxe7 Qxe7 14. Rhe1 Rb8 15. Qe4 Nf6 16. Qh4 h6 17. g4 g6 18. Qxh6 Nxg4 19. Qf4 e5 20. Nxe5 Nxe5 21. Rxe5 Qc7 22. Rg1 Qxc3+ 1-0

[Event "CAN-ch University"]
[Site "London CAN"]
[Date "2017.01.14"]
[Round "1"]
[White "Tomb, Maroun"]
[Black "Fu, James"]
[Result "1-0"]
[WhiteElo "2227"]
[BlackElo "2228"]
[WhiteFideId "-1"]
[WhiteFideId "-1"]
[PlyCount "109"]
[GameId "2160767908478824"]
[EventDate "2017.01.14"]
[EventType "team"]
[EventRounds "5"]
[EventCountry "CAN"]
[SourceTitle "EXT 2022"]
[Source "ChessBase"]
[SourceDate "2021.10.06"]
[SourceVersion "1"]
[SourceVersionDate "2021.10.06"]
[SourceQuality "1"]

1. e4 Nc6 2. d3 e5 3. Nf3 Bc5 4. Be2 d6 5. c3 Nge7 6. Nbd2 Ng6 7. b4 Bb6 8. Nc4 O-O 9. a4 a6 10. Nxb6 cxb6 11. O-O h6 12. Be3 f5 13. b5 axb5 14. axb5 Rxa1 15. Qxa1 Nce7 16. Qa7 fxe4 17. dxe4 Nf4 18. Bc4+ Kh7 19. Qxb6 Qd7 20. Bxf4 Rxf4 21. Rd1 Qg4 22. Qxd6 Rxf3 23. Be2 Rf6 24. Bxg4 Rxd6 25. Rxd6 Bxg4 26. f3 Bc8 27. Kf2 Kg8 28. Ke3 Kf7 29. Kd3 Ng6 30. g3 Nf8 31. f4 Nd7 32. f5 Nf6 33. Rd8 Bd7 34. c4 g6 35. fxg6+ Kxg6 36. Rb8 Bh3 37. Rxb7 Bg2 38. Rb6 Bxe4+ 39. Ke2 Kf5 40. Rd6 h5 41. b6 Bb7 42. Ke1 e4 43. Rd8 Ke5 44. Rb8 Bc6 45. b7 Kf5 46. h3 e3 47. Ke2 h4 48. gxh4 Ke4 49. Re8+ Bxe8 50. b8=Q Bh5+ 51. Ke1 Bf3 52. Qb7+ Kf4 53. Qc7+ Kf5 54. Qc5+ Kf4 55. Qg5+ 1-0

[Event "CAN-ch University"]
[Site "London CAN"]
[Date "2017.01.14"]
[Round "1"]
[White "Ye, Stephen"]
[Black "Sprumont, Oscar"]
[Result "0-1"]
[WhiteElo "2100"]
[BlackElo "2203"]
[WhiteFideId "-1"]
[WhiteFideId "-1"]
[PlyCount "52"]
[GameId "2160767908478825"]
[EventDate "2017.01.14"]
[EventType "team"]
[EventRounds "5"]
[EventCountry "CAN"]
[SourceTitle "EXT 2022"]
[Source "ChessBase"]
[SourceDate "2021.10.06"]
[SourceVersion "1"]
[SourceVersionDate "2021.10.06"]
[SourceQuality "1"]

1. e4 e5 2. Nf3 Nc6 3. Bb5 f5 4. Nc3 fxe4 5. Nxe4 Nf6 6. d3 d5 7. Nxf6+ gxf6 8. O-O Bg4 9. Re1 Qd6 10. h3 Bh5 11. g4 Bg6 12. Nd4 Be7 13. Bxc6+ bxc6 14. Nf5 Bxf5 15. gxf5 Qb4 16. Qd2 Rg8+ 17. Kf1 Qd6 18. c3 Qd7 19. Qh6 Qxf5 20. Re3 O-O-O 21. Ke2 e4 22. Qh4 exd3+ 23. Rxd3 Bc5 24. Be3 Rde8 25. Rad1 Re4 26. Qh6 Bf8 0-1

[Event "CAN-ch University"]
[Site "London CAN"]
[Date "2017.01.14"]
[Round "2"]
[White "Caen, Andy"]
[Black "Gibson, Kevin"]
[Result "1-0"]
[WhiteElo "2113"]
[BlackElo "2189"]
[WhiteFideId "-1"]
[WhiteFideId "-1"]
[PlyCount "97"]
[GameId "2160767908478827"]
[EventDate "2017.01.14"]
[EventType "team"]
[EventRounds "5"]
[EventCountry "CAN"]
[SourceTitle "EXT 2022"]
[Source "ChessBase"]
[SourceDate "2021.10.06"]
[SourceVersion "1"]
[SourceVersionDate "2021.10.06"]
[SourceQuality "1"]

1. e4 d6 2. Nf3 Nf6 3. Nc3 g6 4. d4 Bg7 5. Bf4 O-O 6. Qd2 Re8 7. O-O-O Bg4 8. h3 Bxf3 9. gxf3 Nc6 10. d5 Ne5 11. Bxe5 dxe5 12. Qg5 Nh5 13. Bb5 Rf8 14. Ne2 Qd6 15. Bd3 e6 16. dxe6 Qxe6 17. b3 a5 18. Bc4 Qb6 19. Qe3 Qb4 20. Rd7 Rac8 21. Kb2 a4 22. a3 Qa5 23. b4 Qa8 24. Rhd1 b5 25. Bxb5 c5 26. c4 Nf4 27. Nc3 Ne6 28. Nd5 Nd4 29. Ne7+ Kh8 30. Nxc8 Qxc8 31. Rd5 Qxh3 32. bxc5 Bh6 33. f4 Qg4 34. R5xd4 Bxf4 35. Qd3 exd4 36. Qxd4+ Kg8 37. Re1 Qg5 38. e5 Rd8 39. Bd7 Qg2 40. e6 Rb8+ 41. Ka2 f6 42. Qxf4 Qb7 43. Bb5 Re8 44. Qxf6 Rf8 45. Qxf8+ Kxf8 46. e7+ Kg7 47. e8=Q Qf3 48. Qd7+ Kh6 49. Qd2+ 1-0

[Event "CAN-ch University"]
[Site "London CAN"]
[Date "2017.01.14"]
[Round "2"]
[White "Dukic, Zachary"]
[Black "Knox, Christopher"]
[Result "0-1"]
[WhiteElo "2078"]
[BlackElo "2312"]
[WhiteFideId "-1"]
[WhiteFideId "-1"]
[PlyCount "58"]
[GameId "2160767908478828"]
[EventDate "2017.01.14"]
[EventType "team"]
[EventRounds "5"]
[EventCountry "CAN"]
[SourceTitle "EXT 2022"]
[Source "ChessBase"]
[SourceDate "2021.10.06"]
[SourceVersion "1"]
[SourceVersionDate "2021.10.06"]
[SourceQuality "1"]

1. e4 c5 2. c3 g6 3. Nf3 Bg7 4. d4 cxd4 5. cxd4 d5 6. e5 Bg4 7. Qb3 Qd7 8. Nc3 Bxf3 9. gxf3 Nc6 10. Be3 e6 11. Nb5 Bf8 12. Bd3 a6 13. Nc3 b5 14. O-O Na5 15. Qd1 Ne7 16. Qe2 Nec6 17. Rac1 Be7 18. Rfd1 Qb7 19. Bb1 Kd7 20. Bh6 Rhc8 21. Qe3 Nc4 22. Qf4 Ke8 23. b3 Na3 24. Bd3 Nb4 25. Bf1 Rc6 26. Qd2 Rac8 27. Qb2 Nbc2 28. Ne2 b4 29. Nf4 Nxd4 0-1

[Event "CAN-ch University"]
[Site "London CAN"]
[Date "2017.01.14"]
[Round "2"]
[White "Fu, James"]
[Black "Gladstone, Simon"]
[Result "1-0"]
[WhiteElo "2228"]
[BlackElo "2168"]
[WhiteFideId "-1"]
[WhiteFideId "-1"]
[PlyCount "49"]
[GameId "2160767908478829"]
[EventDate "2017.01.14"]
[EventType "team"]
[EventRounds "5"]
[EventCountry "CAN"]
[SourceTitle "EXT 2022"]
[Source "ChessBase"]
[SourceDate "2021.10.06"]
[SourceVersion "1"]
[SourceVersionDate "2021.10.06"]
[SourceQuality "1"]

1. e4 e6 2. Nc3 d5 3. exd5 exd5 4. d4 Nc6 5. Nf3 Bb4 6. a3 Ba5 7. b4 Bb6 8. Bb5 Bg4 9. O-O Nge7 10. Na4 O-O 11. c3 Ng6 12. h3 Bf5 13. Re1 Qd6 14. Be3 Be4 15. Ng5 Rae8 16. Ra2 h6 17. Nxe4 Rxe4 18. Bd3 Rh4 19. g3 f5 20. f4 Rxh3 21. Kg2 Rxg3+ 22. Kxg3 Re8 23. Bc1 Rxe1 24. Qxe1 Qf6 25. Rh2 1-0

[Event "CAN-ch University"]
[Site "London CAN"]
[Date "2017.01.14"]
[Round "2"]
[White "Itkin, David"]
[Black "Lo, Ryan"]
[Result "1-0"]
[WhiteElo "2276"]
[BlackElo "2148"]
[WhiteFideId "-1"]
[WhiteFideId "-1"]
[PlyCount "55"]
[GameId "2160767908478830"]
[EventDate "2017.01.14"]
[EventType "team"]
[EventRounds "5"]
[EventCountry "CAN"]
[SourceTitle "EXT 2022"]
[Source "ChessBase"]
[SourceDate "2021.10.06"]
[SourceVersion "1"]
[SourceVersionDate "2021.10.06"]
[SourceQuality "1"]

1. e4 c5 2. Nf3 e6 3. Nc3 Nf6 4. d4 cxd4 5. Nxd4 d6 6. Be2 a6 7. a4 Qc7 8. O-O b6 9. f4 Bb7 10. Bf3 Nbd7 11. Kh1 Rd8 12. Qe1 Be7 13. Qg3 g6 14. Bd2 Nc5 15. Rae1 d5 16. exd5 Nxd5 17. Nxd5 Bxd5 18. Bc3 Rf8 19. b3 Rd7 20. Bxd5 Rxd5 21. Qf3 Kd7 22. Qe2 Rd6 23. f5 gxf5 24. Nxf5 Rd5 25. Nxe7 Kxe7 26. b4 Nd7 27. Rxf7+ Rxf7 28. Qxe6+ 1-0

[Event "CAN-ch University"]
[Site "London CAN"]
[Date "2017.01.14"]
[Round "2"]
[White "Kleinman, Michael"]
[Black "Qin, Zi Yi (Joey)"]
[Result "0-1"]
[WhiteElo "2353"]
[BlackElo "2481"]
[WhiteFideId "-1"]
[WhiteFideId "-1"]
[PlyCount "52"]
[GameId "2160767908478831"]
[EventDate "2017.01.14"]
[EventType "team"]
[EventRounds "5"]
[EventCountry "CAN"]

1. e4 c5 2. Nf3 d6 3. d4 cxd4 4. Qxd4 a6 5. c4 Nc6 6. Qe3 g6 7. h3 Bg7 8. Be2 Nf6 9. O-O O-O 10. Nc3 Be6 11. Rd1 Nd7 12. b3 Qa5 13. Bb2 Rfc8 14. Na4 Bxb2 15. Nxb2 b5 16. cxb5 axb5 17. Nd3 b4 18. Qh6 Qb6 19. Nf4 Nce5 20. Ng5 Nf8 21. Rac1 Rc3 22. Nfxe6 fxe6 23. Rxc3 bxc3 24. a4 Qxb3 25. f4 c2 26. Rf1 Qe3+ 0-1

[Event "CAN-ch University"]
[Site "London CAN"]
[Date "2017.01.14"]
[Round "2"]
[White "Lin, Tony (Juntao)"]
[Black "Tomb, Maroun"]
[Result "0-1"]
[WhiteElo "2255"]
[BlackElo "2227"]
[WhiteFideId "-1"]
[WhiteFideId "-1"]
[PlyCount "96"]
[GameId "2160767908478832"]
[EventDate "2017.01.14"]
[EventType "team"]
[EventRounds "5"]
[EventCountry "CAN"]

1. d4 Nf6 2. c4 d6 3. Nc3 Nbd7 4. e4 e5 5. d5 Nc5 6. f3 a5 7. Be3 Be7 8. Qd2 O-O 9. Nge2 Nfd7 10. g4 Re8 11. O-O-O Nf8 12. Kb1 Ng6 13. Rg1 Nh4 14. Bg2 h6 15. Ng3 Bg5 16. Nf5 Bxf5 17. gxf5 Kh7 18. Bh1 Bxe3 19. Qxe3 g5 20. fxg6+ fxg6 21. f4 exf4 22. Qxf4 Rf8 23. Qg3 Nd7 24. Nb5 Rf7 25. Rgf1 Rxf1 26. Rxf1 Ne5 27. c5 g5 28. cxd6 cxd6 29. Rc1 Qb6 30. a4 Rf8 31. Qh3 Re8 32. Rc7+ Kg6 33. Qf1 h5 34. Bg2 g4 35. h3 Nhf3 36. Ka2 Rf8 37. hxg4 hxg4 38. Qh1 Ng5 39. Qc1 Rf2 40. Bf1 g3 41. Rc8 Ngf3 42. Bh3 Nd3 43. Bf5+ Kf6 44. Qc3+ Nfe5 45. Rf8+ Ke7 46. Re8+ Kf7 47. Be6+ Kxe8 48. Qc8+ Ke7 0-1

[Event "CAN-ch University"]
[Site "London CAN"]
[Date "2017.01.14"]
[Round "2"]
[White "Mai, Lloyd"]
[Black "Marin, Sam"]
[Result "1-0"]
[WhiteElo "2353"]
[BlackElo "2155"]
[WhiteFideId "-1"]
[WhiteFideId "-1"]
[PlyCount "69"]
[GameId "2160767908478833"]
[EventDate "2017.01.14"]
[EventType "team"]
[EventRounds "5"]
[EventCountry "CAN"]
[SourceTitle "EXT 2022"]
[Source "ChessBase"]
[SourceDate "2021.10.06"]
[SourceVersion "1"]
[SourceVersionDate "2021.10.06"]
[SourceQuality "1"]

1. e4 e6 2. d3 d5 3. Nd2 c5 4. g3 Nc6 5. Bg2 Nf6 6. Ngf3 Be7 7. O-O O-O 8. Qe2 Qc7 9. e5 Nd7 10. Re1 b5 11. Nf1 a5 12. Bf4 Ba6 13. h4 b4 14. N1h2 c4 15. Ng4 Nc5 16. Rad1 b3 17. axb3 cxd3 18. cxd3 Nb4 19. Nf6+ gxf6 20. exf6 Qd8 21. fxe7 Qxe7 22. Ne5 f6 23. Qg4+ Qg7 24. d4 fxe5 25. Qxg7+ Kxg7 26. Bxe5+ Kf7 27. dxc5 Nd3 28. Re3 Nxc5 29. Bd6 Rfc8 30. Rde1 Nd3 31. Rf3+ Kg7 32. Rxe6 Rc1+ 33. Kh2 Ne1 34. Re7+ Kg6 35. Rff7 1-0

[Event "CAN-ch University"]
[Site "London CAN"]
[Date "2017.01.14"]
[Round "3"]
[White "Dunne, Francesco"]
[Black "D'Souza, Justin"]
[Result "1-0"]
[WhiteElo "2126"]
[BlackElo "1839"]
[WhiteFideId "-1"]
[WhiteFideId "-1"]
[PlyCount "69"]
[GameId "2160767908478835"]
[EventDate "2017.01.14"]
[EventType "team"]
[EventRounds "5"]
[EventCountry "CAN"]
[SourceTitle "EXT 2022"]
[Source "ChessBase"]
[SourceDate "2021.10.06"]
[SourceVersion "1"]
[SourceVersionDate "2021.10.06"]
[SourceQuality "1"]

1. e4 e6 2. d4 d5 3. Nd2 dxe4 4. Nxe4 Nf6 5. Nxf6+ Qxf6 6. Nf3 h6 7. Bd3 c5 8. Be3 Nd7 9. O-O a6 10. Re1 Bd6 11. c3 O-O 12. Bc2 Qe7 13. Qd3 Nf6 14. Ne5 Rd8 15. Ng4 b6 16. Nxh6+ gxh6 17. Bxh6 Bxh2+ 18. Kxh2 Ng4+ 19. Kg1 f5 20. Bf4 Qf6 21. Qg3 Kf7 22. f3 Nh6 23. Be5 Qg6 24. Qxg6+ Kxg6 25. Bc7 Rg8 26. Bxb6 cxd4 27. Bxd4 Rb8 28. b4 Kf7 29. Kf2 Bb7 30. Rh1 Rg6 31. Rh2 Rbg8 32. Rah1 Ke7 33. Rxh6 Rxg2+ 34. Ke3 Rxc2 35. Rh7+ 1-0

[Event "CAN-ch University"]
[Site "London CAN"]
[Date "2017.01.14"]
[Round "3"]
[White "Gibson, Kevin"]
[Black "Fu, James"]
[Result "0-1"]
[WhiteElo "2189"]
[BlackElo "2228"]
[WhiteFideId "-1"]
[WhiteFideId "-1"]
[PlyCount "116"]
[GameId "2160767908478836"]
[EventDate "2017.01.14"]
[EventType "team"]
[EventRounds "5"]
[EventCountry "CAN"]
[SourceTitle "EXT 2022"]
[Source "ChessBase"]
[SourceDate "2021.10.06"]
[SourceVersion "1"]
[SourceVersionDate "2021.10.06"]
[SourceQuality "1"]

1. d4 Nc6 2. d5 Ne5 3. f4 Ng6 4. e4 d6 5. Nf3 Nf6 6. Bd3 e6 7. dxe6 fxe6 8. O-O Be7 9. Nc3 O-O 10. Bc4 Nxe4 11. Nxe4 d5 12. f5 dxe4 13. Qxd8 Bxd8 14. Nd4 Ne5 15. Bxe6+ Bxe6 16. Nxe6 Rf7 17. Nc5 Be7 18. Nxe4 Raf8 19. Ng3 h5 20. Bf4 Bc5+ 21. Kh1 Ng4 22. h3 Nf2+ 23. Kh2 h4 24. Ne2 Rxf5 25. b4 Bb6 26. c4 Nd3 27. c5 Nxf4 28. cxb6 axb6 29. Nxf4 Rxf4 30. Rxf4 Rxf4 31. Rc1 c6 32. a3 Kf7 33. Rd1 Ke7 34. Re1+ Kd7 35. Rd1+ Ke6 36. Rd8 Rf7 37. Rh8 g5 38. Rg8 Kf6 39. g3 hxg3+ 40. Kxg3 Rg7 41. Re8 Re7 42. Rf8+ Kg7 43. Rb8 Kf6 44. Kg4 c5 45. bxc5 bxc5 46. Rf8+ Ke5 47. Rc8 Kd4 48. Kxg5 Rg7+ 49. Kf4 Rh7 50. Kg4 c4 51. h4 c3 52. h5 Rh6 53. Rd8+ Kc4 54. Rc8+ Kb3 55. Rc7 Rb6 56. Kg5 c2 57. h6 Rc6 58. Rxb7+ Ka2 0-1

[Event "CAN-ch University"]
[Site "London CAN"]
[Date "2017.01.14"]
[Round "3"]
[White "Gladstone, Simon"]
[Black "Caen, Andy"]
[Result "1-0"]
[WhiteElo "2168"]
[BlackElo "2113"]
[WhiteFideId "-1"]
[WhiteFideId "-1"]
[PlyCount "85"]
[GameId "2160767908478837"]
[EventDate "2017.01.14"]
[EventType "team"]
[EventRounds "5"]
[EventCountry "CAN"]
[SourceTitle "EXT 2022"]
[Source "ChessBase"]
[SourceDate "2021.10.06"]
[SourceVersion "1"]
[SourceVersionDate "2021.10.06"]
[SourceQuality "1"]

1. e4 e6 2. d4 d5 3. Nd2 Nf6 4. e5 Nfd7 5. Bd3 c5 6. c3 Nc6 7. Ne2 Qb6 8. Nf3 f6 9. exf6 Nxf6 10. O-O cxd4 11. cxd4 Bd6 12. b3 e5 13. dxe5 Nxe5 14. Ned4 O-O 15. Bb2 Bg4 16. h3 Bh5 17. g4 Nfxg4 18. Nxe5 Bxe5 19. hxg4 Qh6 20. Nf5 Rxf5 21. Bxf5 Bxb2 22. Rb1 Ba3 23. gxh5 Rf8 24. Qxd5+ Kh8 25. Bg4 Qf4 26. Qg2 Bc5 27. Rbc1 Qg5 28. Rc3 Rf4 29. Rg3 Qe5 30. Rf3 Rd4 31. Re3 Qb8 32. Rfe1 Rd8 33. R3e2 Rf8 34. Qe4 Rxf2 35. Rxf2 Qg3+ 36. Kh1 Qxf2 37. Qe8+ Bf8 38. Qe2 Qh4+ 39. Kg2 h6 40. Qf3 Be7 41. Rc1 Bc5 42. Rxc5 Qd8 43. Rc8 1-0

[Event "CAN-ch University"]
[Site "London CAN"]
[Date "2017.01.14"]
[Round "3"]
[White "Knox, Christopher"]
[Black "Sprumont, Oscar"]
[Result "1-0"]
[WhiteElo "2312"]
[BlackElo "2202"]
[WhiteFideId "-1"]
[WhiteFideId "-1"]
[PlyCount "97"]
[GameId "2160767908478839"]
[EventDate "2017.01.14"]
[EventType "team"]
[EventRounds "5"]
[EventCountry "CAN"]
[SourceTitle "EXT 2022"]
[Source "ChessBase"]
[SourceDate "2021.10.06"]
[SourceVersion "1"]
[SourceVersionDate "2021.10.06"]
[SourceQuality "1"]

1. d4 Nf6 2. c4 g6 3. Nc3 d5 4. cxd5 Nxd5 5. e4 Nxc3 6. bxc3 Bg7 7. Be3 c5 8. Qd2 Qa5 9. Rc1 cxd4 10. cxd4 Qxd2+ 11. Bxd2 O-O 12. Nf3 Nc6 13. Be3 Rd8 14. d5 Na5 15. Bf4 Bd7 16. Be2 Rdc8 17. Kd2 b5 18. Ne5 Be8 19. Rxc8 Rxc8 20. Rc1 Rxc1 21. Kxc1 Bxe5 22. Bxe5 Nb7 23. Bd4 a6 24. e5 Bd7 25. f4 Kf8 26. Kd2 Ke8 27. Ke3 Na5 28. Bc5 Nc4+ 29. Kd4 Bc8 30. g4 e6 31. dxe6 Bxe6 32. Bb4 Kd7 33. h3 Kc8 34. Bd3 Bd7 35. Be4 a5 36. Be1 h5 37. gxh5 gxh5 38. f5 Kd8 39. Bh4+ Ke8 40. Bg5 Nb2 41. Kd5 b4 42. e6 Bc8 43. Ke5 Nc4+ 44. Kf6 fxe6 45. fxe6 Nd6 46. Bg6+ Kd8 47. Bf4 Ne8+ 48. Kf7 Ng7 49. Bg5+ 1-0

[Event "CAN-ch University"]
[Site "London CAN"]
[Date "2017.01.14"]
[Round "3"]
[White "Lo, Ryan"]
[Black "Bao, Tony Bohan"]
[Result "0-1"]
[WhiteElo "2148"]
[BlackElo "1962"]
[WhiteFideId "-1"]
[WhiteFideId "-1"]
[PlyCount "72"]
[GameId "2160767908478840"]
[EventDate "2017.01.14"]
[EventType "team"]
[EventRounds "5"]
[EventCountry "CAN"]
[SourceTitle "EXT 2022"]
[Source "ChessBase"]
[SourceDate "2021.10.06"]
[SourceVersion "1"]
[SourceVersionDate "2021.10.06"]
[SourceQuality "1"]

1. d4 d5 2. c4 e6 3. Nc3 c6 4. e3 Bd6 5. Nf3 f5 6. Ne5 Nf6 7. f4 b6 8. cxd5 exd5 9. Bd3 O-O 10. Bd2 Ne4 11. Qf3 Qh4+ 12. g3 Qe7 13. h3 Bb7 14. a3 a5 15. Ne2 Nd7 16. Bc3 Ndf6 17. Rc1 b5 18. g4 b4 19. axb4 axb4 20. Bd2 Nxd2 21. Kxd2 Ne4+ 22. Kd1 Bxe5 23. dxe5 Qh4 24. gxf5 Nf2+ 25. Kc2 Nxh1 26. Rxh1 c5 27. Kb1 Ra7 28. Rg1 c4 29. f6 cxd3 30. Rxg7+ Kh8 31. Ng3 Rfa8 32. Kc1 Qxh3 33. Kd2 Qh2+ 34. Kxd3 Ba6+ 35. Kd4 Qxb2+ 36. Kc5 Qc2+ 0-1